| 000 | 01328nam0a22003611 4500 | ||
|---|---|---|---|
| 001 | v19\rc\1425830 | ||
| 005 | 20260407104402.0 | ||
| 035 | _a(NLR Aleph) 004574083 | ||
| 090 |
_a2441935 _c2441935 |
||
| 100 | _a20060620d1838 |||y0rusy50 ca | ||
| 101 | 0 | _arus | |
| 102 | _aRU | ||
| 105 | _ay z ||||| | ||
| 200 | 1 | _aЦарская и патриаршие граматы о учреждении Святейшего синода, с изложением православного исповедания восточно-кафолической церкви | |
| 210 |
_aСанкт-Петербург _cСинод. тип. _d1838 |
||
| 215 |
_a72 с. _d20 |
||
| 606 | 1 |
_aЦерковные реформы _jИсточники и источниковедение _yРоссия _z18 в. _92471100 _3RU\NLR\AUTH\661467645 |
|
| 686 | 0 | _aЭ372.24-346.2-016,1 | |
| 712 | 0 | 1 |
_aРоссия _bСинод _9363671 _3RU\NLR\AUTH\889934260 |
| 801 | 0 |
_aRU _bNLR _gpsbo |
|
| 801 | 0 |
_aRU _bRuMoRGB _2psbo |
|
| 801 | 1 |
_aRU _bProSoft-M _2rusmarc |
|
| 852 |
_aNLR _j18.113.3.29 |
||
| 899 |
_aRuMoRGB _jS 9/148 |
||
| 899 |
_aRuMoRGB _jW 520/351 |
||
| 899 | _aБАН | ||
| 899 | _aНБ СПбГУ | ||
| 899 | _aГПИБ | ||
| 899 | _aНБ МГУ | ||
| 942 | _cBOOK | ||
| 980 | _aNB | ||